[Event "Chigorin Memorial Blitz 30th"]
[Site "St Petersburg"]
[Date "2023.10.20"]
[Round "9"]
[White "Shemyakinskiy, Nikita"]
[Black "Amonatov, Farrukh"]
[Result "0-1"]
[WhiteElo "2126"]
[BlackElo "2598"]
[PlyCount "162"]
[EventDate "2023.10.20"]
[EventType "swiss (blitz)"]
[EventRounds "11"]
[EventCountry "RUS"]
[SourceTitle "Mega2024 Update 01"]
[Source "Chessbase"]
[SourceDate "2023.11.12"]
[SourceVersion "1"]
[SourceVersionDate "2023.11.12"]
[SourceQuality "1"]

1. d4 Nf6 2. Nf3 g6 3. Nbd2 d5 4. b3 Bg7 5. Bb2 0-0 6. e3 c5 7. dxc5 Qa5 8. a3 Qxc5 9. c4 Nc6 10. b4 Qd6 11. Be2 Bf5 12. 0-0 Rfd8 13. Qb3 a5 14. cxd5 Nxd5 15. Bxg7 Kxg7 16. b5 Ne5 17. Qb2 Nf6 18. Nxe5 Qxd2 19. Qxd2 Rxd2 20. Bf3 Be4 21. Rfd1 Rad8 22. Rxd2 Rxd2 23. Nc4 Rc2 24. Nxa5 b6 25. Nc6 Bxf3 26. gxf3 Nd5 27. a4 Kf6 28. f4 Rb2 29. Nd4 Nc3 30. Rc1 Nxa4 31. Rc4 Nc5 32. Kg2 e6 33. Rc2 Rxc2 34. Nxc2 e5 35. fxe5+ Kxe5 36. Kf3 Kd5 37. Nd4 Kc4 38. h4 h5 39. Kf4 Nd3+ 40. Kg3 f5 41. Kf3 f4 42. Ke2 fxe3 43. fxe3 Ne5 44. Kf2 Kd3 45. Ne6 Kc4 46. Nd4 Kd5 47. Nc2 Ke4 48. Nd4 Ng4+ 49. Ke2 Nxe3 50. Ne6 Nf5 51. Nf8 Nxh4 52. Nd7 Nf5 53. Nxb6 Nd4+ 54. Kf2 Nxb5 55. Kg3 g5 56. Nc4 Nd4 57. Nd6+ Ke5 58. Nf7+ Kf6 59. Nd8 Nf5+ 60. Kf3 Ne7 61. Nb7 Ke5 62. Nd8 Nf5 63. Nf7+ Kf6 64. Nd8 g4+ 65. Kf4 Nd4 66. Nb7 Ne6+ 67. Ke4 h4 68. Nd6 h3 69. Nf5 Kg5 70. Ng3 Nc5+ 71. Ke3 Nd7 72. Kf2 Nf6 73. Kg1 Kf4 74. Ne2+ Kf3 75. Nd4+ Ke4 76. Ne2 Nh5 77. Kh2 Ke3 78. Ng1 Nf4 79. Kh1 g3 80. Nxh3 Nxh3 81. Kg2 Kf4 0-1

[Event "Chigorin Memorial Blitz 30th"]
[Site "St Petersburg"]
[Date "2023.10.20"]
[Round "10"]
[White "Solovyov, Viktor"]
[Black "Shemyakinskiy, Nikita"]
[Result "0-1"]
[WhiteElo "2272"]
[BlackElo "2126"]
[PlyCount "94"]
[EventDate "2023.10.20"]
[EventType "swiss (blitz)"]
[EventRounds "11"]
[EventCountry "RUS"]
[SourceTitle "Mega2024 Update 01"]
[Source "Chessbase"]
[SourceDate "2023.11.12"]
[SourceVersion "1"]
[SourceVersionDate "2023.11.12"]
[SourceQuality "1"]

1. Nf3 d5 2. d4 Nf6 3. c4 e6 4. g3 dxc4 5. Bg2 c6 6. Ne5 Bb4+ 7. Nc3 Nd5 8. Bd2 0-0 9. Nxc4 Nd7 10. e4 Nxc3 11. bxc3 Be7 12. 0-0 b5 13. Ne3 Bb7 14. a4 Nb6 15. Qb1 bxa4 16. Rd1 Ba6 17. Qa2 Rb8 18. c4 Qxd4 19. Bb4 Qxd1+ 20. Rxd1 Bxb4 21. e5 c5 22. Bc6 a3 23. Bb5 Bb7 24. Nc2 a6 25. Nxb4 cxb4 26. c5 axb5 27. cxb6 Bd5 28. Qa1 Rxb6 29. Rb1 a2 30. Rxb4 h6 31. Rd4 Ra8 32. Rd1 Rba6 33. Rd4 Ra4 34. Rd2 b4 35. f4 b3 36. f5 exf5 37. Kf2 Be6 38. h4 Rb4 39. Rb2 Rc4 40. Ke3 Rc3+ 41. Kd2 Rxg3 42. h5 Rg2+ 43. Kc3 Rxb2 44. Kxb2 f4 45. Kc3 f3 46. Kb2 f2 47. Qh1 a1Q+ 0-1

[Event "Chigorin Memorial 28th"]
[Site "St Petersburg"]
[Date "2021.10.28"]
[Round "6"]
[White "Shemyakinskiy, Nikita"]
[Black "Rzali, Sabina"]
[Result "1-0"]
[WhiteElo "2138"]
[BlackElo "1926"]
[PlyCount "101"]
[EventDate "2021.10.23"]
[EventType "swiss"]
[EventRounds "9"]
[EventCountry "RUS"]
[SourceTitle "EXT 2023"]
[Source "ChessBase"]
[SourceDate "2022.10.05"]
[SourceVersion "1"]
[SourceVersionDate "2022.10.05"]
[SourceQuality "1"]

1. d4 d5 2. c4 e6 3. Nc3 Nf6 4. Nf3 Be7 5. g3 0-0 6. Bg2 dxc4 7. Ne5 c5 8. dxc5 Qc7 9. Nxc4 Qxc5 10. Qb3 Nc6 11. Be3 Qb4 12. 0-0 Ng4 13. Qxb4 Bxb4 14. Rfd1 Nxe3 15. Nxe3 Rb8 16. Rac1 Ne7 17. a3 Bc5 18. Ncd5 Nxd5 19. Rxc5 b6 20. Rcc1 Nxe3 21. fxe3 Ba6 22. Bf3 Bb5 23. Rc7 a5 24. Rd6 g6 25. e4 Rfd8 26. Rb7 Rxd6 27. Rxb8+ Kg7 28. e5 Rd2 29. Kf2 Rxb2 30. Rxb6 a4 31. Ke3 Rb3+ 32. Kd4 Bc4 33. Rxb3 Bxb3 34. Kc5 Bd1 35. Kd6 Kf8 36. h4 h6 37. Bc6 Bc2 38. e3 Bd1 39. Kc5 Ke7 40. Kb4 f6 41. Bxa4 Bf3 42. Kc5 fxe5 43. Bc6 Be2 44. a4 g5 45. hxg5 hxg5 46. Bb5 Bf3 47. a5 Kd8 48. Kb6 Kc8 49. Bc6 Bd5 50. a6 Bxc6 51. Kxc6 1-0

[Event "Chigorin Memorial 28th"]
[Site "St Petersburg"]
[Date "2021.10.25"]
[Round "3"]
[White "Ali, Abdulaziz"]
[Black "Shemyakinskiy, Nikita"]
[Result "0-1"]
[WhiteElo "1915"]
[BlackElo "2138"]
[PlyCount "86"]
[EventDate "2021.10.23"]
[EventType "swiss"]
[EventRounds "9"]
[EventCountry "RUS"]
[SourceTitle "EXT 2023"]
[Source "ChessBase"]
[SourceDate "2022.10.05"]
[SourceVersion "1"]
[SourceVersionDate "2022.10.05"]
[SourceQuality "1"]

1. e4 e6 2. d4 d5 3. Nc3 Bb4 4. e5 c5 5. a3 Bxc3+ 6. bxc3 Ne7 7. Qg4 cxd4 8. cxd4 Qc7 9. Kd1 Nbc6 10. Nf3 Bd7 11. Qxg7 Rg8 12. Qh6 0-0-0 13. Qf4 Ng6 14. Qd2 f6 15. Qc3 fxe5 16. dxe5 Be8 17. Bg5 Rd7 18. Bf6 d4 19. Qc4 Rd5 20. Ng5 Ngxe5 21. Nxe6 Qd6 22. Bxe5 Qxe5 23. Nf4 Bh5+ 24. f3 Re8 25. Nd3 Qd6 26. Rb1 Bf7 27. Nb4 Rf5 28. Qd3 Rfe5 29. Qd2 Ne7 30. Nd3 Nd5 31. Rb3 Ne3+ 32. Kc1 Bxb3 33. cxb3 Qxa3+ 34. Qb2 Qxb2+ 35. Kxb2 R5e7 36. Nf4 Nd1+ 37. Kc1 Nc3 38. Bd3 b5 39. Kd2 a5 40. h4 a4 41. b4 a3 42. h5 a2 43. Ra1 Re1 0-1

[Event "St Petersburg Amir Cup Rapid"]
[Site "St Petersburg"]
[Date "2021.05.22"]
[Round "3"]
[White "Nesterov, Arseniy"]
[Black "Shemyakinskiy, Nikita"]
[Result "1-0"]
[WhiteElo "2491"]
[BlackElo "1955"]
[PlyCount "89"]
[EventDate "2021.05.22"]
[EventType "swiss (rapid)"]
[EventRounds "9"]
[EventCountry "RUS"]
[SourceTitle "CBM 202 Extra"]
[Source "ChessBase"]
[SourceDate "2021.07.31"]
[SourceVersion "1"]
[SourceVersionDate "2021.07.31"]
[SourceQuality "1"]

1. d4 d5 2. c4 e6 3. Nf3 Nf6 4. Nc3 dxc4 5. e4 b5 6. e5 Nd5 7. Nxb5 Nb6 8. Be2 Be7 9. Be3 Nc6 10. a3 Qd7 11. Nc3 Bb7 12. Qc2 h6 13. h4 Na5 14. Rd1 Nd5 15. Bd2 Nb6 16. Rh3 0-0-0 17. Be3 Nd5 18. Bc1 g5 19. hxg5 hxg5 20. Nxg5 Rdg8 21. Nce4 Rxh3 22. gxh3 f5 23. exf6 Nxf6 24. Nxf6 Bxf6 25. h4 Bxg5 26. Bxg5 Qd5 27. Qh7 Qh1+ 28. Kd2 Nb3+ 29. Kc3 Qh3+ 30. Be3 Rd8 31. Bxc4 Na5 32. Be2 Bf3 33. Ba6+ Kb8 34. Rg1 Bg2 35. Qe7 Nc6 36. Qg5 Bd5 37. Qg4 Qh2 38. Qg3 Qxg3 39. fxg3 Rh8 40. Rf1 Ne7 41. Rf7 Ng6 42. Rg7 Be4 43. h5 Nf8 44. Bf4 Rxh5 45. Rxc7 1-0

[Event "St Petersburg-ch sf"]
[Site "St Petersburg"]
[Date "2021.02.22"]
[Round "1"]
[White "Shemyakinskiy, Nikita"]
[Black "Lesovoi, Evgenij"]
[Result "0-1"]
[WhiteElo "2043"]
[BlackElo "2347"]
[PlyCount "208"]
[EventDate "2021.02.22"]
[EventType "swiss"]
[EventRounds "9"]
[EventCountry "RUS"]
[SourceTitle "EXT 2022"]
[Source "ChessBase"]
[SourceDate "2021.10.06"]
[SourceVersion "1"]
[SourceVersionDate "2021.10.06"]
[SourceQuality "1"]

1. d4 Nf6 2. c4 e6 3. Nf3 b6 4. a3 Bb7 5. Nc3 d5 6. cxd5 Nxd5 7. Qc2 Be7 8. e4 Nxc3 9. bxc3 Nd7 10. Bd3 c5 11. 0-0 0-0 12. e5 h6 13. Qe2 Qc7 14. Be3 Rfd8 15. Nd2 Rac8 16. Ne4 Qc6 17. f3 cxd4 18. cxd4 Qd5 19. Nd6 Bxd6 20. Be4 Qc4 21. Qxc4 Rxc4 22. Bxb7 Rc3 23. Bf2 Bxa3 24. Rfb1 Rc7 25. Ba6 Bf8 26. Rc1 Rxc1+ 27. Rxc1 Nb8 28. Bd3 a6 29. g4 Bb4 30. d5 Rxd5 31. Be4 Rd8 32. Bxb6 Rf8 33. Rc7 a5 34. Ra7 g5 35. Kg2 Kg7 36. Bxa5 Bxa5 37. Rxa5 Nd7 38. Bc6 Nb6 39. Rb5 Nc4 40. Rc5 Nd2 41. Rc2 Rd8 42. Kf2 Nb3 43. Be4 Rd1 44. Rc3 Na5 45. Ke2 Rh1 46. Kd3 Rd1+ 47. Ke3 Ra1 48. Kd4 Ra2 49. h3 Rd2+ 50. Kc5 Rb2 51. Bc2 Rb8 52. Be4 Nb3+ 53. Kc4 Na5+ 54. Kc5 Nb3+ 55. Kc4 Nd2+ 56. Kd3 Nxe4 57. fxe4 Rb5 58. Kd4 Kg6 59. Ra3 Rb4+ 60. Ke3 Rb1 61. Kd4 Rd1+ 62. Rd3 Ra1 63. Rb3 Rf1 64. Re3 h5 65. gxh5+ Kxh5 66. Rg3 Rf2 67. Kc5 Re2 68. Kd4 Ra2 69. Re3 Ra5 70. Rf3 Ra4+ 71. Kc5 Rxe4 72. Rxf7 Rxe5+ 73. Kd6 Re3 74. Rh7+ Kg6 75. Rh8 Kg7 76. Rh5 Kf6 77. Kc5 Re4 78. Rh8 Rh4 79. Rf8+ Ke5 80. Rg8 Kf4 81. Rf8+ Kg3 82. Rg8 Rh5 83. Kd4 Kxh3 84. Ke3 g4 85. Kf2 Rf5+ 86. Kg1 Ra5 87. Rg7 Kg3 88. Kf1 e5 89. Ke2 Ra2+ 90. Ke3 Kh3 91. Rh7+ Kg2 92. Rh5 Ra5 93. Rg5 g3 94. Ke2 Ra2+ 95. Ke3 Ra3+ 96. Ke2 e4 97. Rg4 Kh3 98. Rg8 g2 99. Kf2 Rf3+ 100. Ke2 Kh2 101. Rh8+ Rh3 102. Rg8 g1Q 103. Rxg1 Kxg1 104. Ke1 Re3+ 0-1

[Event "Botvinnik Cup"]
[Site "Moscow"]
[Date "2020.12.22"]
[Round "5.2"]
[White "Grachev, Boris V"]
[Black "Shemyakinskiy, Nikita"]
[Result "1-0"]
[WhiteElo "2619"]
[BlackElo "2043"]
[PlyCount "111"]
[EventDate "2020.12.18"]
[EventType "team-tourn"]
[EventRounds "5"]
[EventCountry "RUS"]
[SourceTitle "CBM 199 Extra"]
[Source "ChessBase"]
[SourceDate "2021.01.31"]
[SourceVersion "1"]
[SourceVersionDate "2021.01.31"]
[SourceQuality "1"]
[WhiteTeam "Moscow"]
[BlackTeam "St Petersburg"]
[WhiteTeamCountry "RUS"]
[BlackTeamCountry "RUS"]

1. Nf3 d5 2. e3 Nf6 3. c4 e6 4. b3 Be7 5. Bb2 0-0 6. Nc3 c5 7. cxd5 exd5 8. d4 Nc6 9. Be2 Bg4 10. dxc5 Bxc5 11. 0-0 Qd7 12. Rc1 Be7 13. Nd4 Nxd4 14. Qxd4 Bxe2 15. Nxe2 Rfc8 16. Nf4 h6 17. h3 b6 18. Qd3 Bd6 19. Bxf6 Bxf4 20. Bxg7 Rxc1 21. Rxc1 Bxe3 22. Qxe3 Kxg7 23. Qe5+ Kg6 24. Rc3 Rg8 25. Rd3 Qe6 26. Qxd5 Qxd5 27. Rxd5 Rc8 28. Rd7 a5 29. Rd6+ Kg7 30. Rxb6 Rc1+ 31. Kh2 Rc2 32. a4 Rxf2 33. Rb5 Rb2 34. Kg3 Kg6 35. Kf3 f5 36. g3 Kf6 37. g4 fxg4+ 38. Kxg4 Kg6 39. Rb6+ Kg7 40. Kh5 Rh2 41. h4 Rh3 42. Kg4 Rh1 43. Rb5 Rb1 44. h5 Kf6 45. Kf4 Ke6 46. Ke4 Kd6 47. Kd4 Kc6 48. Kc3 Rc1+ 49. Kb2 Rc5 50. Rxc5+ Kxc5 51. Kc3 Kd5 52. b4 axb4+ 53. Kxb4 Kc6 54. Kc4 Kb6 55. Kd5 Ka5 56. Ke6 1-0

[Event "Botvinnik Cup"]
[Site "Moscow"]
[Date "2020.12.18"]
[Round "1.2"]
[White "Shemyakinskiy, Nikita"]
[Black "Timofeev, Artyom"]
[Result "0-1"]
[WhiteElo "2043"]
[BlackElo "2594"]
[PlyCount "146"]
[EventDate "2020.12.18"]
[EventType "team-tourn"]
[EventRounds "5"]
[EventCountry "RUS"]
[SourceTitle "CBM 199 Extra"]
[Source "ChessBase"]
[SourceDate "2021.01.31"]
[SourceVersion "1"]
[SourceVersionDate "2021.01.31"]
[SourceQuality "1"]
[WhiteTeam "St Petersburg"]
[BlackTeam "Kazan"]
[WhiteTeamCountry "RUS"]
[BlackTeamCountry "RUS"]

1. d4 d5 2. Bf4 Nf6 3. e3 c5 4. dxc5 Nc6 5. Bb5 Qa5+ 6. Nc3 a6 7. Bxc6+ bxc6 8. Qd4 Bf5 9. b4 Qd8 10. Nge2 Nd7 11. e4 dxe4 12. Ng3 Bg6 13. Ngxe4 Nf6 14. Nxf6+ gxf6 15. Qe3 Bxc2 16. Bd6 Qd7 17. 0-0 Qg4 18. Rfe1 e6 19. Rac1 Bg6 20. Rcd1 Bxd6 21. cxd6 0-0 22. Qd4 Qxd4 23. Rxd4 a5 24. f3 axb4 25. Rxb4 Ra3 26. Rc4 Ra6 27. Rc5 Rd8 28. Rd1 Kf8 29. f4 h5 30. Rd2 Ke8 31. Rc4 Rda8 32. Kf2 Kd7 33. Rdd4 e5 34. fxe5 fxe5 35. Rd2 Ra5 36. Ke3 Bf5 37. a4 Rb8 38. Ne2 Rd5 39. Rxd5 cxd5 40. Rc7+ Kxd6 41. Rxf7 d4+ 42. Nxd4 exd4+ 43. Kxd4 Ke6 44. Ra7 Rb4+ 45. Ke3 h4 46. a5 Ra4 47. a6 Ke5 48. Ra8 Ra3+ 49. Kf2 Be4 50. Rh8 Rxa6 51. Rxh4 Ra2+ 52. Ke3 Bxg2 53. Rh5+ Kf6 54. Kf4 Ra4+ 55. Kg3 Be4 56. Rb5 Ra2 57. Rh5 Bf5 58. Rh8 Kg5 59. Rg8+ Bg6 60. Rf8 Ra4 61. Rf3 Be4 62. Rb3 Ra1 63. Rb5+ Bf5 64. Rb3 Kf6 65. Rb6+ Be6 66. Rb5 Rd1 67. Rb2 Bd5 68. Re2 Kf5 69. Rb2 Rg1+ 70. Kh3 Kf4 71. Rf2+ Bf3 72. Ra2 Rg8 73. Ra4+ Be4 0-1

[Event "Chigorin Memorial 27th"]
[Site "St Petersburg"]
[Date "2019.10.13"]
[Round "9"]
[White "Skuratovich, Yakov"]
[Black "Shemyakinskiy, Nikita"]
[Result "0-1"]
[WhiteElo "2097"]
[BlackElo "1816"]
[PlyCount "126"]
[EventDate "2019.10.05"]
[EventType "swiss"]
[EventRounds "9"]
[EventCountry "RUS"]
[SourceTitle "EXT 2021"]
[Source "ChessBase"]
[SourceDate "2020.10.23"]
[SourceVersion "1"]
[SourceVersionDate "2020.10.23"]
[SourceQuality "1"]

1. e4 c5 2. Nf3 Nc6 3. Bb5 g6 4. 0-0 Bg7 5. Re1 e5 6. Nc3 Nge7 7. d3 0-0 8. Bxc6 Nxc6 9. Nd5 d6 10. h3 Be6 11. c4 Bxd5 12. cxd5 Ne7 13. Bd2 Rc8 14. Qa4 a6 15. b4 c4 16. dxc4 Rxc4 17. Rac1 Rc8 18. Rxc8 Nxc8 19. Rc1 Nb6 20. Qa5 Na8 21. Qxd8 Rxd8 22. Ne1 Kf8 23. Be3 Ke7 24. Nd3 Kd7 25. Nb2 Rc8 26. Rxc8 Kxc8 27. Nc4 Kd7 28. a4 Bf6 29. Kf1 Bd8 30. Ke2 b5 31. axb5 axb5 32. Na3 Nc7 33. Kd2 Na6 34. Kc3 f5 35. f3 Nc7 36. Kb3 fxe4 37. fxe4 Bh4 38. Bb6 Ne8 39. Kc2 Be1 40. Ba5 Nf6 41. Kd3 Nh5 42. Ke2 Bc3 43. Nxb5 Nf4+ 44. Kf3 Be1 45. Na3 Bc3 46. Nc4 Bd4 47. b5 Nd3 48. Bd2 h5 49. Na5 Kc7 50. Nc6 Kb6 51. Ne7 Kxb5 52. Nxg6 Kc4 53. Ne7 Nc5 54. Nc6 Kd3 55. Bh6 Bc3 56. g4 hxg4+ 57. hxg4 Nxe4 58. Bc1 Nd2+ 59. Kg2 e4 60. Nd8 e3 61. Ne6 e2 62. Nf4+ Ke3 63. Nxe2 Kxe2 0-1

[Event "Chigorin Memorial 27th"]
[Site "St Petersburg"]
[Date "2019.10.08"]
[Round "4"]
[White "Savinov, Leonid"]
[Black "Shemyakinskiy, Nikita"]
[Result "1-0"]
[WhiteElo "2086"]
[BlackElo "1816"]
[PlyCount "120"]
[EventDate "2019.10.05"]
[EventType "swiss"]
[EventRounds "9"]
[EventCountry "RUS"]
[SourceTitle "EXT 2020"]
[Source "ChessBase"]
[SourceDate "2019.10.17"]
[SourceVersion "1"]
[SourceVersionDate "2019.10.17"]
[SourceQuality "1"]

1. e4 c5 2. Nf3 Nc6 3. Bb5 g6 4. Bxc6 dxc6 5. h3 Bg7 6. d3 Nf6 7. 0-0 Nd7 8. Nbd2 0-0 9. Nh2 e5 10. b3 Re8 11. Bb2 Nf8 12. f4 exf4 13. Bxg7 Kxg7 14. Rxf4 Be6 15. Kh1 Qd4 16. Rf1 Qc3 17. a4 Red8 18. Nhf3 h6 19. Ng1 g5 20. Ne2 Qe5 21. Nf3 Qc7 22. Qe1 Ng6 23. Qc3+ Kg8 24. Qxc5 b6 25. Qf2 c5 26. Qg3 Qxg3 27. Nxg3 a6 28. Nf5 Bxf5 29. exf5 Ne7 30. Nd2 Nc6 31. Ne4 Nb4 32. Rf2 a5 33. g3 Kg7 34. Kg2 Nc6 35. h4 f6 36. hxg5 hxg5 37. Rh1 Ne5 38. Re2 Ng4 39. Nf2 Ne5 40. Re4 Rh8 41. Rxh8 Rxh8 42. Ng4 Re8 43. Nxe5 fxe5 44. g4 Kf6 45. Re3 Rd8 46. Rh3 e4 47. Rh6+ Kf7 48. dxe4 Rd2+ 49. Kf3 Rxc2 50. e5 c4 51. e6+ Ke7 52. Rh7+ Kd6 53. Rd7+ Kc6 54. bxc4 Rxc4 55. Rd1 Rc3+ 56. Ke4 Rc2 57. f6 Rf2 58. e7 Kc7 59. f7 Re2+ 60. Kf3 Rxe7 1-0

[Event "Chigorin Memorial 27th"]
[Site "St Petersburg"]
[Date "2019.10.05"]
[Round "1"]
[White "Shemyakinskiy, Nikita"]
[Black "Salman, Pavel"]
[Result "0-1"]
[WhiteElo "1816"]
[BlackElo "2282"]
[PlyCount "72"]
[EventDate "2019.10.05"]
[EventType "swiss"]
[EventRounds "9"]
[EventCountry "RUS"]
[SourceTitle "EXT 2020"]
[Source "ChessBase"]
[SourceDate "2019.10.17"]
[SourceVersion "1"]
[SourceVersionDate "2019.10.17"]
[SourceQuality "1"]

1. e4 c5 2. Nf3 e6 3. d4 cxd4 4. Nxd4 a6 5. c4 Nf6 6. Nc3 Qc7 7. a3 b6 8. Be2 Bb7 9. f3 Be7 10. 0-0 d6 11. Be3 Nbd7 12. Qd2 0-0 13. Rfc1 Rfc8 14. b4 Ne5 15. Na4 Nfd7 16. f4 Nc6 17. Nxc6 Bxc6 18. Nc3 Qb8 19. Rd1 b5 20. cxb5 axb5 21. a4 bxa4 22. b5 Bb7 23. e5 a3 24. exd6 Bf6 25. Rdc1 Bxc3 26. Rxc3 Rxc3 27. Qxc3 Qxd6 28. Rd1 Bd5 29. Bf3 a2 30. Kf2 Nf6 31. b6 Bxf3 32. gxf3 Qxd1 33. b7 a1Q 34. Qc8+ Qd8 35. bxa8R Qxa8 36. Qxa8 Qxa8 0-1

[Event "Chigorin Memorial 26th"]
[Site "St Petersburg"]
[Date "2018.11.02"]
[Round "7"]
[White "Kobak, Polina"]
[Black "Shemyakinskiy, Nikita"]
[Result "1/2-1/2"]
[WhiteElo "1373"]
[BlackElo "1655"]
[PlyCount "110"]
[EventDate "2018.10.27"]
[EventType "swiss"]
[EventRounds "9"]
[EventCountry "RUS"]
[SourceTitle "CBM 187 Extra"]
[Source "ChessBase"]
[SourceDate "2018.11.04"]
[SourceVersion "1"]
[SourceVersionDate "2018.11.04"]
[SourceQuality "1"]

1. d4 d5 2. c4 Bf5 3. Nf3 e6 4. g3 Nf6 5. Bg2 c6 6. Nbd2 Nbd7 7. 0-0 h6 8. b3 Be7 9. Bb2 Ne4 10. Rc1 0-0 11. a3 b5 12. c5 a5 13. Ra1 a4 14. b4 Bh7 15. Ne5 Nxe5 16. dxe5 Nxd2 17. Qxd2 f6 18. Bh3 f5 19. f4 Qe8 20. e3 h5 21. Bg2 h4 22. Qe2 g5 23. gxh4 g4 24. Bc3 Qh5 25. Be1 Kf7 26. Bg3 Rg8 27. Kf2 Ke8 28. Rad1 Qh6 29. Rd2 Bg6 30. Ke1 Rh8 31. Kd1 Bxh4 32. Kc2 Kf7 33. Qe1 Be7 34. Rh1 Qf8 35. Kb2 Bxc5 36. bxc5 Qxc5 37. Rc2 Qb6 38. Qc3 Rac8 39. Qc5 Qxc5 40. Rxc5 Ke7 41. Rhc1 Kd7 42. R1c2 Rc7 43. Bf1 Rb8 44. Kc3 Rcb7 45. Kb4 Rb6 46. h3 gxh3 47. Rh2 Rh8 48. Rxh3 Rxh3 49. Bxh3 Bh5 50. Rc2 Rb8 51. Rh2 Rh8 52. Bg2 Rh7 53. Bf3 Bg6 54. Rxh7+ Bxh7 55. Be1 Bg6 1/2-1/2

[Event "Wch U12 blitz"]
[Site "Minsk"]
[Date "2018.06.24"]
[Round "8"]
[White "Makoveev, Ilya"]
[Black "Shemyakinskiy, Nikita"]
[Result "1/2-1/2"]
[WhiteElo "2229"]
[BlackElo "1752"]
[PlyCount "133"]
[EventDate "2018.06.24"]
[EventType "swiss (blitz)"]
[EventRounds "9"]
[EventCountry "BLR"]
[SourceTitle "EXT 2019"]
[Source "ChessBase"]
[SourceDate "2018.10.10"]
[SourceVersion "1"]
[SourceVersionDate "2018.10.10"]
[SourceQuality "1"]

1. e4 e5 2. Nf3 Nf6 3. Nxe5 Nxe4 4. Qe2 Qe7 5. Qxe4 d6 6. d4 dxe5 7. dxe5 Nc6 8. Bf4 g5 9. Be3 Bg7 10. Nc3 Be6 11. Bb5 Bd7 12. Nd5 Qxe5 13. Nxc7+ Kd8 14. Qxe5 Nxe5 15. Bxd7 Kxc7 16. Bb5 h6 17. 0-0-0 a6 18. Be2 Rad8 19. Rxd8 Rxd8 20. Rd1 Rxd1+ 21. Kxd1 f5 22. Bd4 Bf6 23. c3 Kd6 24. Kc2 Ke6 25. g3 g4 26. Be3 h5 27. c4 Nc6 28. Bf1 Nb4+ 29. Kb3 Nc6 30. Bg2 Kd6 31. c5+ Kc7 32. Kc4 Bxb2 33. Kd5 Kd7 34. Kc4 Ke6 35. Bd5+ Kd7 36. Kb3 Bf6 37. Bf7 h4 38. Bg6 Ne7 39. Bf7 Nc6 40. Bd5 hxg3 41. hxg3 Be5 42. a3 Na5+ 43. Kc2 Nc6 44. Kd3 Kc7 45. Be6 Ne7 46. Bg5 Nc6 47. Bxf5 b6 48. cxb6+ Kxb6 49. Bxg4 Bd6 50. a4 Ne5+ 51. Ke4 Nxg4 52. f3 Nf2+ 53. Kd5 Bxg3 54. Bd2 Nh3 55. Ke4 Nf2+ 56. Kd5 Nd3 57. Kd4 Nb2 58. a5+ Kb5 59. f4 Bh4 60. f5 Bf6+ 61. Kd5 Nc4 62. Be1 Nxa5 63. Ke6 Bg7 64. f6 Bxf6 65. Kxf6 Nc4 66. Kf5 a5 67. Bxa5 1/2-1/2

[Event "Wch U12 blitz"]
[Site "Minsk"]
[Date "2018.06.24"]
[Round "9"]
[White "Shemyakinskiy, Nikita"]
[Black "Israfilov, Ali"]
[Result "0-1"]
[WhiteElo "1752"]
[BlackElo "1929"]
[PlyCount "71"]
[EventDate "2018.06.24"]
[EventType "swiss (blitz)"]
[EventRounds "9"]
[EventCountry "BLR"]
[SourceTitle "EXT 2019"]
[Source "ChessBase"]
[SourceDate "2018.10.10"]
[SourceVersion "1"]
[SourceVersionDate "2018.10.10"]
[SourceQuality "1"]

1. d4 Nf6 2. Bf4 g6 3. e3 Bg7 4. Nf3 d6 5. h3 0-0 6. Be2 e6 7. c4 Qe7 8. Bh2 Nbd7 9. Nc3 b6 10. 0-0 Bb7 11. Qc2 Rfe8 12. Rfe1 e5 13. Rac1 h6 14. dxe5 dxe5 15. Red1 Rad8 16. Nd5 Qd6 17. a3 c5 18. e4 Nb8 19. Nc3 Qe7 20. Nd5 Nxd5 21. cxd5 Qd6 22. Bb5 Nd7 23. Qe2 Rf8 24. Nd2 Qc7 25. Bd3 f5 26. Nc4 fxe4 27. Bxe4 Rde8 28. d6 Qc8 29. Qd3 Bxe4 30. Qxe4 Re6 31. Qd5 Nf6 32. Qd2 Qd7 33. Nxe5 Qd8 34. Nc4 Ne4 35. Qd5 Rfe8 36. Re1 0-1

[Event "Wch U12 blitz"]
[Site "Minsk"]
[Date "2018.06.24"]
[Round "4"]
[White "Shemyakinskiy, Nikita"]
[Black "Navumenka, Mikhei"]
[Result "1/2-1/2"]
[WhiteElo "1752"]
[BlackElo "1980"]
[PlyCount "87"]
[EventDate "2018.06.24"]
[EventType "swiss (blitz)"]
[EventRounds "9"]
[EventCountry "BLR"]
[SourceTitle "EXT 2019"]
[Source "ChessBase"]
[SourceDate "2018.10.10"]
[SourceVersion "1"]
[SourceVersionDate "2018.10.10"]
[SourceQuality "1"]

1. d4 Nf6 2. Bf4 e6 3. e3 d5 4. Bd3 b6 5. c3 Bb7 6. Nd2 Nbd7 7. h3 Bd6 8. Ngf3 0-0 9. Ne5 Qe7 10. g4 Ne4 11. Nxd7 Qxd7 12. f3 Nxd2 13. Qxd2 Bxf4 14. exf4 c5 15. Kf2 cxd4 16. cxd4 Rac8 17. Rhc1 f6 18. Rxc8 Qxc8 19. Rc1 Qd7 20. Qb4 Rc8 21. Bb5 Qd8 22. Rc3 a6 23. Bd3 a5 24. Qa3 Rxc3 25. Qxc3 Qd7 26. Qb3 Qc6 27. Qc2 Qxc2+ 28. Bxc2 g6 29. Ke3 Kf7 30. h4 Ba6 31. g5 f5 32. Bd3 Bb7 33. a3 Ke7 34. b4 axb4 35. axb4 Kd6 36. Kd2 Bc6 37. b5 Be8 38. Kc3 Ke7 39. Kd2 Kf7 40. Ke3 Kg7 41. Kd2 h6 42. Kc3 hxg5 43. hxg5 Kf7 44. Kd2 1/2-1/2